Islands Out of Context Quiz Stats

Quiz Updated Jun 3, 2013

Also try: British Isles
Challenge
Share
Tweet
Score 0/20 Timer 05:00
7 Plays Today
Island % Correct
Great Britain
87%
Greenland
82.2%
Madagascar
78.9%
Ireland
72.6%
Iceland
67.3%
Cuba
65.9%
Cyprus
64.5%
New Guinea
57%
Hispaniola
51.3%
Honshu
47.2%
Island % Correct
Borneo
46.6%
Sicily
32.8%
Tasmania
32.3%
Crete
31.3%
Baffin Island
29.5%
South Island
27.3%
Sumatra
25%
Sulawesi
21.2%
Luzon
18.2%
Isla Grande de Tierra del Fuego
11.4%

You're not logged in!

Compare scores with friends on all Sporcle quizzes.
Join for Free
OR
Log In

You Might Also Like...

Show Comments

Extras

Top Quizzes Today


Score Distribution

Your Account Isn't Verified!

In order to create a playlist on Sporcle, you need to verify the email address you used during registration. Go to your Sporcle Settings to finish the process.

Report this User

Report this user for behavior that violates our Community Guidelines.

Details: